Introduction to positive economics (Record no. 5640)

000 -LEADER
fixed length control field 00453nam a22001817a 4500
001 - CONTROL NUMBER
control field 5640
003 - CONTROL NUMBER IDENTIFIER
control field BD-DhUET
008 - FIXED-LENGTH DATA ELEMENTS--GENERAL INFORMATION
fixed length control field 141127b xxu||||| |||| 00| 0 eng d
040 ## - CATALOGING SOURCE
Transcribing agency 0
Modifying agency BD-DhUET
082 ## - DEWEY DECIMAL CLASSIFICATION NUMBER
Classification number 330
Item number LIP/1971
100 ## - MAIN ENTRY--PERSONAL NAME
Personal name Lipsey, Richard G.
245 ## - TITLE STATEMENT
Title Introduction to positive economics
250 ## - EDITION STATEMENT
Edition statement 3rd ed.
260 ## - PUBLICATION, DISTRIBUTION, ETC. (IMPRINT)
Name of publisher, distributor, etc. English Language Book
Place of publication, distribution, etc. Hampshire
Date of publication, distribution, etc. 1971
300 ## - PHYSICAL DESCRIPTION
Extent xx, 740 p.
Other physical details ill.
Dimensions 26 cm.
650 #0 - SUBJECT ADDED ENTRY--TOPICAL TERM
Topical term or geographic name as entry element Economics
942 ## - ADDED ENTRY ELEMENTS (KOHA)
Koha item type General Book
Holdings
Sublocation or collection (holding branch) Copy number Koha full call number Withdrawn status Date acquired Piece designation (barcode) Shelving location Koha item type Not for loan Damaged status Koha normalized classification for sorting Location (home branch) Lost status Price effective from Koha collection Koha date last seen Source of classification or shelving scheme
Central Library, BUET1330/LIP/1971 2014-11-2723693Circulation sectionGeneral Book  330LIP1971Central Library, BUET 2014-11-27 2014-11-27 
Central Library, BUET2330/LIP/1971 2014-11-2723702Circulation sectionGeneral Book  330LIP1971Central Library, BUET 2014-11-27 2014-11-27 
Central Library, BUET3330/LIP/1971 2015-01-2723689Circulation sectionGeneral Book  330_000000000000000_LIP_1971Central Library, BUET 2015-01-27 2015-01-27 
Central Library, BUET4330/LIP/1971 2015-01-2723684Circulation sectionGeneral Book  330_000000000000000_LIP_1971Central Library, BUET 2015-01-27 2015-01-27 
Central Library, BUET5330/LIP/1971 2015-01-2723710Circulation sectionGeneral Book  330_000000000000000_LIP_1971Central Library, BUET 2015-01-27 2015-01-27 
Central Library, BUET6330/LIP/1971 2015-01-2723713Circulation sectionGeneral Book  330_000000000000000_LIP_1971Central Library, BUET 2015-01-27 2015-01-27 
Central Library, BUET7330/LIP/1971 2015-01-2723690Cataloging sectionGeneral Book  330_000000000000000_LIP_1971Central Library, BUET 2015-01-27 2015-01-27 
Central Library, BUET8330/LIP/1971 2015-01-2723698Circulation sectionGeneral Book  330_000000000000000_LIP_1971Central Library, BUET 2015-01-27 2015-01-27 
Central Library, BUET9330/LIP/1971 2015-01-2723685Circulation sectionGeneral Book  330_000000000000000_LIP_1971Central Library, BUET 2015-01-27 2015-01-27 
Central Library, BUET10330/LIP/1971 2015-01-2723712Circulation sectionGeneral Book  330_000000000000000_LIP_1971Central Library, BUET 2015-01-27 2015-01-27 
Central Library, BUET4330/LIP/1971 2015-01-2823677Circulation sectionGeneral Book  330_000000000000000_LIP_1971Central Library, BUET 2015-01-28Non Fiction2015-01-28 
Central Library, BUET30330/LIP/1971 2015-01-2823706Circulation sectionGeneral Book  330_000000000000000_LIP_1971Central Library, BUET 2015-01-28Non Fiction2015-01-28 
Central Library, BUET29330/LIP/1971 2015-01-2823705Circulation sectionGeneral Book  330_000000000000000_LIP_1971Central Library, BUET 2015-01-28Non Fiction2015-01-28 
Central Library, BUET16330/LIP/1971 2015-01-2823680Circulation sectionGeneral Book  330_000000000000000_LIP_1971Central Library, BUET 2015-01-28Non Fiction2015-01-28 
Central Library, BUET15330/LIP/1971 2015-04-2023691Circulation sectionGeneral Book  330_000000000000000_LIP_1971Central Library, BUET 2015-04-20 2015-04-20